header

Work/life balance (Record no. 90281)

MARC details
000 -LEADER
fixed length control field 01017nam a2200277Ia 4500
245 00 - TITLE STATEMENT
Title Work/life balance
260 ## - PUBLICATION, DISTRIBUTION, ETC. (IMPRINT)
Place of publication Bradford, England :
Name of publisher Emerald Group Publishing,
Year of publication c2004.
300 ## - PHYSICAL DESCRIPTION
Number of Pages 95 p.
490 0# - SERIES STATEMENT
Series statement Employee relations ;
650 #0 - SUBJECT ADDED ENTRY--TOPICAL TERM
Topical Term Work environment.
Topical Term Personnel management.
856 40 - ELECTRONIC LOCATION AND ACCESS
Uniform Resource Identifier http://site.ebrary.com/lib/rucke/Doc?id=10149878

No items available.

© 2026 Rongo University
Contact us: librarian | system librarian | Rongo university